| 000 | 00875nam a22003017a 4500 | ||
|---|---|---|---|
| 003 | CHAP | ||
| 005 | 20220329135705.0 | ||
| 008 | 971013s1991 r 00010 d | ||
| 010 | _a40625 | ||
| 011 | _a41597 | ||
| 035 | _a45723 | ||
| 040 | _cCHAP | ||
| 082 |
_a635.8 _bG36 1991 |
||
| 100 | 0 | 0 |
_aGarcía Rollán, Mariano. _946546 |
| 245 | 1 | _aCultivo de setas y trufas | |
| 250 | _a2 ed. rev. | ||
| 260 |
_aMadrid : _bMundi-Prensa, _c1991 |
||
| 300 |
_a174 p. _b: ilus. |
||
| 590 |
_aBATCH-UPD _b10 _c20130110 _lUCH01 _h1112 |
||
| 590 |
_aBATCH-UPD _b10 _c20130410 _lUCH01 _h0703 |
||
| 590 |
_aBATCH-UPD _b10 _c20130914 _lUCH01 _h1829 |
||
| 590 |
_aCONVERSION _b10 _c20130109 _lUCH01 _h1322 |
||
| 650 | 0 | 4 |
_aTrufas. _9115377 |
| 650 | 1 | 4 |
_aSetas. _9105368 |
| 901 | _aBK | ||
| 942 | _cLIBRO | ||
| 949 |
_a635.8 G36 1991 _bBC _cLIBRO _d33724000001061 _eLIBRO _gI.c/e _h88177 _i45723 _si |
||
| 999 |
_c40625 _d40625 |
||